| 000 | 00651nam a2200217Ia 4500 | ||
|---|---|---|---|
| 003 | OSt | ||
| 005 | 20260527124302.0 | ||
| 008 | 210210b1996 xxu||||| |||| 00| 0 eng d | ||
| 020 | _a81 86668 01 2 | ||
| 040 | _cAL | ||
| 041 | _aEnglish | ||
| 082 | _aS891.8 BHAD | ||
| 100 |
_aBHATTA (Sediyapu Krashnabhatta). _9168471 |
||
| 245 | _aDiscovery of facts: origin & the real meanings of aarya, varna, jaati and linga. | ||
| 260 |
_aUdupi _bRashtrakavi Govind Pai Samshodhana Kendra _c1996 |
||
| 300 | _axxii,108 | ||
| 690 |
_aSanskrit Miscellaneous _9168472 |
||
| 700 |
_aPadekallu Narasimha Bhatta.Tr _9168473 |
||
| 906 | _a051261 | ||
| 942 |
_2ddc _cBK |
||
| 999 |
_c99679 _d99679 |
||